000 00758nam a22002177a 4500
005 20140318125831.0
010 _aENG-109452
020 _c1995.00
_a9789350353417
035 _aEN-92985
037 _bDBAD/PUB
082 _a346.540482
100 _aSrinivasa Iyengar, T. R
245 0 0 _aIyengar's commentary on the copyright act /
_cby T.R. Srinivasa Iyengar
250 _a8th thoroughly rev updated and enl ed by Raghbir Singh
260 _aDelhi
_bUniversal Law Publishing
_c2013
270 _aC-FF-1A, Dilkhush Industrial Estate, (Near Azadpur Metro Station) G.T. Karnal Road,
_bDelhi
_e110033
300 _alxxvi,1324p.
_c25cm(Hb)
500 _aIncludes index
700 _aRaghbir Singh
942 _2ddc
_cEN
_mIYE
_h346.540482
999 _c82723
_d82723